[Event "C.to Cittadino La Lupa"]
[Site "Roma ITA"]
[Date "2011.05.27"]
[Round "5"]
[White "Castellano, Lorenzo"]
[Black "Casella, Carlo"]
[Result "1-0"]
[WhiteElo "1871"]
[BlackElo "1704"]
[PlyCount "61"]
[EventDate "2011.05.05"]

1. e4 c5 2. Nf3 e6 3. Bc4 Nf6 4. Qe2 Nc6 5. c3 d6 6. d4 Be7 7. O-O O-O 8. h3 d5
9. exd5 exd5 10. Bd3 Re8 11. Bg5 h6 12. Bh4 c4 13. Bc2 Bd7 14. Ne5 g5 15. Bg3
Bf8 16. Qf3 Be6 17. Nd2 Bg7 18. Rfe1 Rc8 19. Nf1 Nd7 20. Qh5 Nf6 21. Qf3 Nd7
22. Nxd7 Qxd7 23. Ne3 Ne7 24. Re2 f5 25. Be5 Bxe5 26. dxe5 Ng6 27. Nxf5 Rf8 28.
Nxh6+ Kg7 29. Qh5 Bf7 30. Qxg5 Qe7 31. Nf5+ 1-0

[Event "C.to Cittadino La Lupa"]
[Site "Roma ITA"]
[Date "2011.05.27"]
[Round "5"]
[White "Condemi De Felice, Alfonso"]
[Black "Sacco, Davide"]
[Result "1/2-1/2"]
[WhiteElo "1883"]
[BlackElo "1624"]
[PlyCount "91"]
[EventDate "2011.05.05"]

1. d4 d5 2. Nf3 c5 3. e3 Nc6 4. Bd3 Bg4 5. O-O cxd4 6. exd4 Qc7 7. c3 O-O-O 8.
Nbd2 f6 9. Qc2 g6 10. h3 Be6 11. Re1 Bf7 12. b4 e6 13. Nb3 Bd6 14. b5 Nb8 15.
Bd2 e5 16. dxe5 Bxe5 17. Rac1 b6 18. Nbd4 Ne7 19. a4 Rhe8 20. Qb1 Nd7 21. Nxe5
fxe5 22. Nb3 Kb8 23. a5 Rc8 24. axb6 axb6 25. Qb2 Kb7 26. Ra1 Ra8 27. Ra6 Rxa6
28. bxa6+ Ka7 29. Be3 Nf5 30. Bd2 Nc5 31. Nxc5 Qxc5 32. Qb5 Qxb5 33. Bxb5 Re6
34. Be3 Nxe3 35. Rxe3 Be8 36. c4 d4 37. Rd3 Bxb5 38. cxb5 Rd6 39. Kf1 Rd5 40.
Rb3 Rc5 41. Ke2 e4 42. Kd2 g5 43. Rb4 h6 44. g4 Rd5 45. Kc2 Rc5+ 46. Kd2
1/2-1/2

[Event "C.to Cittadino La Lupa"]
[Site "Roma ITA"]
[Date "2011.05.27"]
[Round "5"]
[White "Dorascenzi, Angelo"]
[Black "Di Carlo, Adriano"]
[Result "1/2-1/2"]
[WhiteElo "1395"]
[BlackElo "1713"]
[PlyCount "52"]
[EventDate "2011.05.05"]

1. e4 e6 2. Nc3 d5 3. Qf3 dxe4 4. Nxe4 Nd7 5. d4 Ngf6 6. Nxf6+ Nxf6 7. Bd3 Qxd4
8. h3 e5 9. Ne2 Qb4+ 10. Nc3 Be6 11. O-O Be7 12. Re1 Nd5 13. a3 Qh4 14. Rxe5
Nxc3 15. bxc3 Bd5 16. Qh5 Qxh5 17. Rxh5 Bf6 18. Bb2 g6 19. Re1+ Kd7 20. Rh6
Bxg2 21. Kxg2 Bg5 22. Bc1 Bxh6 23. Bxh6 g5 24. Bg7 Rhg8 25. Bf6 Rae8 26. Bf5+
Kd6 1/2-1/2

[Event "C.to Cittadino La Lupa"]
[Site "Roma ITA"]
[Date "2011.05.27"]
[Round "5"]
[White "Palocci, Claudio"]
[Black "Capparelli, Stefano"]
[Result "1-0"]
[WhiteElo "1637"]
[BlackElo "1614"]
[PlyCount "61"]
[EventDate "2011.05.05"]

1. e4 d6 2. d4 Nf6 3. Bd3 g6 4. Nc3 Bg7 5. f3 O-O 6. Be3 Re8 7. Qd2 Nbd7 8.
O-O-O c6 9. g4 Qc7 10. Nge2 e5 11. h4 exd4 12. Bxd4 Ne5 13. Bxe5 dxe5 14. Ng3
Nd7 15. Qh2 Nc5 16. g5 Qe7 17. Kb1 b5 18. h5 b4 19. Nce2 Be6 20. hxg6 fxg6 21.
Qxh7+ Kf7 22. Nf5 Qf8 23. Nh4 Nxd3 24. Rxd3 Bc4 25. Rd7+ Re7 26. Qxg6+ Kg8 27.
Rxe7 Qxe7 28. Nf5 Qc7 29. Rh7 Rd8 30. Rxg7+ Kf8 31. Rxc7 1-0

[Event "C.to Cittadino La Lupa"]
[Site "Roma ITA"]
[Date "2011.05.27"]
[Round "5"]
[White "Ricci, Stefano"]
[Black "Crucioli, Marco"]
[Result "1-0"]
[WhiteElo "1873"]
[BlackElo "1616"]
[PlyCount "101"]
[EventDate "2011.05.05"]

1. e4 e5 2. Nf3 d6 3. Bc4 Be7 4. Nc3 Nd7 5. d4 Nb6 6. Bb3 exd4 7. Nxd4 Bf6 8.
Be3 Ne7 9. g4 Nc6 10. g5 Bxd4 11. Bxd4 Nxd4 12. Qxd4 Qxg5 13. h4 Qe5 14. Qxe5+
dxe5 15. Nb5 O-O 16. Nxc7 Rb8 17. O-O-O Bg4 18. Rd3 a5 19. a4 Rbc8 20. Nd5 Nxd5
21. Bxd5 Be2 22. Re3 Bh5 23. Bxb7 Rc7 24. Bd5 Rfc8 25. c4 Rc5 26. b3 Kf8 27. f3
Rb8 28. Rh2 Rb6 29. Rg2 Rf6 30. Rg5 Bxf3 31. Rxe5 Bg4 32. Kd2 h5 33. Rg5 Rf2+
34. Ke1 Rh2 35. e5 Rxh4 36. Bxf7 Kxf7 37. e6+ Bxe6 38. Rxc5 Rh1+ 39. Kd2 h4 40.
Rce5 Bg4 41. Rg5 Rd1+ 42. Kc3 Bd7 43. Rf3+ Kg8 44. Rxa5 h3 45. Ra8+ Kh7 46. Rd8
h2 47. Rff8 Rc1+ 48. Kb2 Rb1+ 49. Kc3 Rc1+ 50. Kb4 Kg6 51. Rh8 1-0

[Event "C.to Cittadino La Lupa"]
[Site "Roma ITA"]
[Date "2011.05.27"]
[Round "5"]
[White "Romano, Marco Motraz"]
[Black "Quimi, Marco"]
[Result "0-1"]
[WhiteElo "1861"]
[BlackElo "2160"]
[PlyCount "73"]
[EventDate "2011.05.05"]

1. e4 e5 2. Nf3 d6 3. Bc4 Be7 4. Nc3 Nf6 5. d3 O-O 6. h3 c6 7. a4 a5 8. O-O h6
9. Ne2 d5 10. exd5 cxd5 11. Bb5 Bd6 12. Ng3 Nc6 13. c3 Re8 14. Be3 Qc7 15. Qd2
e4 16. Nd4 Bd7 17. Ngf5 Nxd4 18. Nxd4 Nh5 19. Bxd7 Qxd7 20. g4 Nf6 21. Nf5 Bf8
22. Rfd1 Ra6 23. dxe4 Rxe4 24. f3 Rxa4 25. Rxa4 Qxa4 26. Bd4 Nh7 27. h4 Re6 28.
Bf2 g6 29. Ne3 Nf6 30. Re1 Bc5 31. g5 hxg5 32. hxg5 Nh7 33. Qxd5 Bb6 34. Kg2
Qf4 35. Ng4 Rxe1 36. Bxb6 Qxg5 37. Bd8 0-1

[Event "C.to Cittadino La Lupa"]
[Site "Roma ITA"]
[Date "2011.05.27"]
[Round "5"]
[White "Russo, Roberto"]
[Black "Battistelli, Alessandro"]
[Result "0-1"]
[WhiteElo "1858"]
[BlackElo "1896"]
[PlyCount "76"]
[EventDate "2011.05.05"]

1. e4 e6 2. d4 d5 3. e5 c5 4. c3 Nc6 5. Nf3 Qb6 6. Be2 cxd4 7. cxd4 Nge7 8. Nc3
Nf5 9. Na4 Bb4+ 10. Bd2 Qa5 11. Bc3 b5 12. a3 Bxc3+ 13. Nxc3 a6 14. g4 Nfe7 15.
Bd3 Bd7 16. O-O Ng6 17. Bxg6 hxg6 18. Qd3 Rh6 19. Nd2 Qd8 20. Nf3 Qe7 21. Rac1
Kf8 22. Ne2 f6 23. Nf4 Qf7 24. h4 fxe5 25. g5 e4 26. Qd2 Rh8 27. Rxc6 exf3 28.
Rc7 Rxh4 29. Rxd7 Rg4+ 30. Kh2 Qxd7 31. Nxg6+ Kg8 32. Ne5 Qc7 33. Rc1 Rxd4 34.
Qe3 Rc4 35. Rxc4 bxc4 36. g6 Rf8 37. Kh3 Rf6 38. Qd4 Rf5 0-1

[Event "C.to Cittadino La Lupa"]
[Site "Roma ITA"]
[Date "2011.05.27"]
[Round "5"]
[White "Tosi, Francesco"]
[Black "Prudenzano, Ruggero"]
[Result "1-0"]
[WhiteElo "1889"]
[BlackElo "1928"]
[PlyCount "47"]
[EventDate "2011.05.05"]

1. e4 c5 2. c3 d5 3. exd5 Qxd5 4. d4 cxd4 5. cxd4 Nc6 6. Nf3 Bg4 7. Be2 e6 8.
Nc3 Bb4 9. O-O Qa5 10. h3 Bh5 11. Ne4 Rd8 12. a3 Bxf3 13. Bxf3 Nxd4 14. Be3
Nxf3+ 15. Qxf3 Be7 16. b4 Qa6 17. Qg3 g6 18. Rfd1 f5 19. Qe5 fxe4 20. Rxd8+
Bxd8 21. Qxh8 Kf7 22. Qxh7+ Kf8 23. Bc5+ Be7 24. Rd1 1-0

[Event "C.to Cittadino La Lupa"]
[Site "Roma ITA"]
[Date "2011.05.27"]
[Round "5"]
[White "Vannelli, Vittorio"]
[Black "Tulli, Cesare"]
[Result "1-0"]
[WhiteElo "1798"]
[BlackElo "1476"]
[PlyCount "82"]
[EventDate "2011.05.05"]

1. e4 e5 2. Nc3 Bc5 3. f4 Bxg1 4. Rxg1 Qh4+ 5. g3 Qxh2 6. Ne2 exf4 7. gxf4 Qh4+
8. Ng3 Qxf4 9. d4 Qh4 10. Qf3 d6 11. Bc4 Be6 12. Bxe6 fxe6 13. Qb3 Nd7 14. Qxb7
Qd8 15. e5 d5 16. Qc6 Ne7 17. Qxe6 Nf8 18. Qg4 g6 19. Bg5 Qd7 20. Qxd7+ Kxd7
21. Bf6 Rg8 22. O-O-O Ke6 23. Rdf1 Nd7 24. Rf3 Raf8 25. Rff1 Rf7 26. Ne2 Nxf6
27. Nf4+ Kf5 28. Nxd5+ Ke6 29. Nxc7+ Kd7 30. e6+ Kxc7 31. exf7 Rf8 32. Rxf6 Nd5
33. Re6 Kd7 34. Ra6 Kc7 35. Rxa7+ Kb6 36. Ra3 Ne7 37. c4 Nf5 38. c5+ Kc6 39.
Rd3 Rxf7 40. b4 Kb5 41. a3 Re7 1-0

[Event "C.to Cittadino La Lupa"]
[Site "Roma ITA"]
[Date "2011.05.30"]
[Round "6"]
[White "Cannavo', Giuseppe"]
[Black "Zarfati, Daniele"]
[Result "0-1"]
[WhiteElo "1272"]
[BlackElo "1600"]
[PlyCount "124"]
[EventDate "2011.05.05"]

1. e4 e6 2. e5 d5 3. d4 c5 4. c4 Nc6 5. Nf3 cxd4 6. Nxd4 Nxe5 7. Nf3 Nxc4 8.
Qa4+ Bd7 9. Qb3 Qc7 10. g3 Nf6 11. Qc3 Ne4 12. Qc2 Bc5 13. Be3 Rc8 14. Bxc4
Bxe3 15. fxe3 Qxc4 16. Nc3 Nxc3 17. Qxc3 Qxc3+ 18. bxc3 Rxc3 19. Ke2 Bb5+ 20.
Kd2 Rd3+ 21. Ke2 Ke7 22. Rab1 Rb3+ 23. Kd2 Rxb1 24. Rxb1 Ba6 25. Rc1 Bc4 26.
Rc2 Rc8 27. a3 f6 28. Rb2 b5 29. Ke1 a5 30. Nd2 Rc5 31. Rc2 Kd6 32. Rc1 b4 33.
axb4 axb4 34. Rd1 Kc6 35. Ra1 Kb5 36. Ra7 Bd3 37. Rb7+ Ka4 38. Ra7+ Ra5 39.
Rxg7 b3 40. Rb7 Rb5 41. Ra7+ Kb4 42. Ra6 Bf5 43. Ra7 Kc3 44. Rf7 b2 45. Rxf6
b1=Q+ 46. Nxb1+ Rxb1+ 47. Kf2 Kd3 48. Kf3 Re1 49. Kf2 Rxe3 50. Rf7 Ke4 51. Ra7
d4 52. Ra4 Bg4 53. Rb4 Re2+ 54. Kf1 e5 55. h3 Bf3 56. Kg1 Ke3 57. Rb3+ d3 58.
Rb2 e4 59. Rb1 Rg2+ 60. Kf1 Rh2 61. Re1+ Kd2 62. h4 Rh1+ 0-1

[Event "C.to Cittadino La Lupa"]
[Site "Roma ITA"]
[Date "2011.05.30"]
[Round "6"]
[White "Capparelli, Stefano"]
[Black "Arceri, Paolo"]
[Result "0-1"]
[WhiteElo "1614"]
[BlackElo "1470"]
[PlyCount "48"]
[EventDate "2011.05.05"]

1. e4 e5 2. Nf3 Nc6 3. Bc4 Nf6 4. Ng5 d5 5. exd5 Na5 6. Bb5+ c6 7. dxc6 bxc6 8.
Be2 Nd5 9. d3 Bc5 10. Ne4 Bb6 11. O-O O-O 12. Bd2 f5 13. Ng3 f4 14. Ne4 Bf5 15.
Nbc3 Qh4 16. Qe1 Nf6 17. Nxf6+ Rxf6 18. Ne4 Rh6 19. h3 Bxh3 20. g3 fxg3 21.
Bxh6 Bxf1 22. Nxg3 Qxg3+ 23. Kxf1 Rf8 24. d4 Bxd4 0-1

[Event "C.to Cittadino La Lupa"]
[Site "Roma ITA"]
[Date "2011.05.30"]
[Round "6"]
[White "Casella, Carlo"]
[Black "Andreozzi, Paolo"]
[Result "1/2-1/2"]
[WhiteElo "1704"]
[BlackElo "1713"]
[PlyCount "109"]
[EventDate "2011.05.05"]

1. e4 c5 2. Nf3 e6 3. d4 cxd4 4. Nxd4 a6 5. a4 d6 6. Be2 Qb6 7. O-O Nf6 8. Nc3
Be7 9. Kh1 O-O 10. f4 Nbd7 11. Nb3 Rd8 12. Bf3 Rb8 13. Qe1 Qc7 14. Be3 b6 15.
Rd1 Nc5 16. Qf2 Nxb3 17. cxb3 e5 18. f5 b5 19. Rc1 Qb7 20. axb5 axb5 21. Rfd1
Bd7 22. Bg5 Ng4 23. Bxg4 Bxg5 24. Rc2 Bc6 25. Nd5 Bxd5 26. Rxd5 Ra8 27. h4 Bf4
28. g3 Ra1+ 29. Kg2 Bh6 30. f6 g6 31. Be2 b4 32. Bd3 g5 33. h5 Qd7 34. Rb5 Rd1
35. Qe2 Ra1 36. Bc4 Qa7 37. Qf2 Qd7 38. Rxb4 Rd1 39. Qe2 Rd4 40. Rd2 Rxd2 41.
Qxd2 Qg4 42. Qe2 Qxe2+ 43. Bxe2 d5 44. exd5 Rxd5 45. Kf3 Bf8 46. Rb7 Rd6 47.
Kg4 Rxf6 48. Kxg5 Kg7 49. Bc4 h6+ 50. Kg4 Rf2 51. Bd5 Bd6 52. Rb6 Bc5 53. Rb5
f5+ 54. Kh3 Be7 55. Rb7 1/2-1/2

[Event "C.to Cittadino La Lupa"]
[Site "Roma ITA"]
[Date "2011.05.30"]
[Round "6"]
[White "Condemi De Felice, Alfonso"]
[Black "Russo, Roberto"]
[Result "1/2-1/2"]
[WhiteElo "1883"]
[BlackElo "1858"]
[PlyCount "48"]
[EventDate "2011.05.05"]

1. d4 d5 2. Nf3 Nf6 3. e3 Bg4 4. c4 dxc4 5. Bxc4 e6 6. O-O Be7 7. Nc3 O-O 8. h3
Bh5 9. Be2 c5 10. Qb3 cxd4 11. Nxd4 Bxe2 12. Ncxe2 Qd5 13. Rd1 Rd8 14. Bd2 Qxb3
15. Nxb3 Nc6 16. a3 Rd3 17. Nbd4 Nxd4 18. Nxd4 Rd8 19. Rac1 e5 20. Nf3 Ne4 21.
Rc2 f6 22. Kf1 Nc5 23. Ke2 Nb3 24. e4 Nc5 1/2-1/2

[Event "C.to Cittadino La Lupa"]
[Site "Roma ITA"]
[Date "2011.05.30"]
[Round "6"]
[White "Prudenzano, Ruggero"]
[Black "Palocci, Claudio"]
[Result "1/2-1/2"]
[WhiteElo "1928"]
[BlackElo "1637"]
[PlyCount "86"]
[EventDate "2011.05.05"]

1. d4 d5 2. c4 c6 3. Nf3 e6 4. cxd5 exd5 5. Nc3 Nf6 6. Bg5 Be7 7. e3 Nbd7 8.
Bd3 O-O 9. Qc2 Re8 10. O-O h6 11. Bh4 b6 12. Rab1 Bb7 13. Rfc1 Rc8 14. b4 Ne4
15. Bxe7 Qxe7 16. a4 Nxc3 17. Qxc3 Qd6 18. Qb2 Rc7 19. Bf5 Ba6 20. b5 Bb7 21.
Bxd7 Qxd7 22. Ne5 Qd6 23. bxc6 Bxc6 24. Qc2 Rec8 25. Qd1 Bd7 26. h3 Rxc1 27.
Rxc1 Rc7 28. Rxc7 Qxc7 29. Qb3 Be6 30. Qb5 Qc8 31. Nc6 Qb7 32. a5 Kh8 33. Nd8
Qd7 34. Qxd7 Bxd7 35. Nxf7+ Kg8 36. axb6 axb6 37. Ne5 Be8 38. Kf1 Kf8 39. Ke1
Ke7 40. Kd2 Kd6 41. Kc3 Bb5 42. h4 h5 43. Ng6 Be8 1/2-1/2

[Event "C.to Cittadino La Lupa"]
[Site "Roma ITA"]
[Date "2011.05.30"]
[Round "6"]
[White "Quimi, Marco"]
[Black "Battistelli, Alessandro"]
[Result "1-0"]
[WhiteElo "2160"]
[BlackElo "1896"]
[PlyCount "59"]
[EventDate "2011.05.05"]

1. e4 e6 2. d4 d5 3. e5 c5 4. c3 Nc6 5. Nf3 Qb6 6. a3 c4 7. Be2 Bd7 8. O-O Be7
9. Nbd2 Na5 10. Re1 Nh6 11. Bf1 Nf5 12. g3 g5 13. h3 O-O-O 14. Rb1 Qc6 15. b4
cxb3 16. Nxb3 Nxb3 17. Qxb3 Rdg8 18. c4 g4 19. hxg4 Rxg4 20. cxd5 Qxd5 21. Bc4
Qc6 22. Bf4 Rxf4 23. gxf4 Rg8+ 24. Kf1 Nxd4 25. Nxd4 Qh1+ 26. Ke2 Qe4+ 27. Qe3
Qg6 28. Rg1 Qxg1 29. Rxg1 Rxg1 30. Nb5 1-0

[Event "C.to Cittadino La Lupa"]
[Site "Roma ITA"]
[Date "2011.05.30"]
[Round "6"]
[White "Sacco, Davide"]
[Black "Castellano, Lorenzo"]
[Result "0-1"]
[WhiteElo "1624"]
[BlackElo "1871"]
[PlyCount "94"]
[EventDate "2011.05.05"]

1. d4 Nf6 2. c4 g6 3. Nc3 Bg7 4. e4 d6 5. f3 O-O 6. Be3 c5 7. d5 e6 8. Nge2
exd5 9. cxd5 Re8 10. Qd2 Na6 11. g4 Nd7 12. Ng3 Ne5 13. Be2 Nb4 14. a3 Nbd3+
15. Kd1 Nc4 16. Bxd3 Nxd2 17. Bxd2 a6 18. h4 Be5 19. f4 Bxg4+ 20. Kc2 Bd4 21.
Raf1 b5 22. f5 b4 23. Nce2 Bxe2 24. Nxe2 Be5 25. a4 b3+ 26. Kb1 Qd7 27. Nc3
Bxc3 28. Bxc3 Qxa4 29. fxg6 fxg6 30. h5 g5 31. h6 Rf8 32. Rfg1 Rf3 33. Rxg5+
Kf8 34. Rf5+ Rxf5 35. exf5 Re8 36. f6 Re3 37. Bxh7 Qa2+ 38. Kc1 Rxc3+ 39. bxc3
Qa1+ 40. Bb1 Qxc3+ 41. Kd1 Qf3+ 42. Kd2 Qxh1 43. h7 Qxd5+ 44. Kc3 Qd4+ 45. Kxb3
Qxf6 46. Kc4 Kg7 47. Kd5 Qd4+ 0-1

[Event "C.to Cittadino La Lupa"]
[Site "Roma ITA"]
[Date "2011.05.30"]
[Round "6"]
[White "Tamburrini, Andrea"]
[Black "Sinibaldi, Francesco"]
[Result "1/2-1/2"]
[WhiteElo "1472"]
[BlackElo "1404"]
[PlyCount "95"]
[EventDate "2011.05.05"]

1. e4 g6 2. d4 Bg7 3. Nf3 d6 4. Nc3 a6 5. Be3 Nd7 6. Be2 e5 7. d5 Ne7 8. O-O
O-O 9. Qd2 f5 10. Bh6 f4 11. Bxg7 Kxg7 12. Ng5 Nb8 13. Rad1 b5 14. Ne6+ Bxe6
15. dxe6 Nbc6 16. Nd5 Nd4 17. c3 Nxe6 18. Nxe7 Qxe7 19. c4 bxc4 20. Bxc4 Nd4
21. f3 a5 22. Qf2 Qf6 23. Rxd4 exd4 24. Rd1 c5 25. Bd5 Rab8 26. a3 a4 27. Qc2
Qe7 28. Bc6 Rfc8 29. Bxa4 Qa7 30. Bb3 Qb6 31. Rd3 Rc7 32. Qc4 Rcb7 33. Qd5 Qa5
34. h3 Qd8 35. e5 dxe5 36. Qxe5+ Qf6 37. Qd5 Re7 38. Qxc5 Re1+ 39. Kh2 Rd8 40.
Rd1 Rxd1 41. Bxd1 d3 42. b4 Qa1 43. Qc7+ Kh6 44. Qxd8 Qxd1 45. Qh4+ Kg7 46.
Qe7+ Kh6 47. Qh4+ Kg7 48. Qxf4 1/2-1/2

[Event "C.to Cittadino La Lupa"]
[Site "Roma ITA"]
[Date "2011.05.30"]
[Round "6"]
[White "Tulli, Cesare"]
[Black "Dorascenzi, Angelo"]
[Result "0-1"]
[WhiteElo "1476"]
[BlackElo "1395"]
[PlyCount "20"]
[EventDate "2011.05.05"]

1. d4 d5 2. Nf3 Nf6 3. Bf4 Bf5 4. h3 e6 5. e3 Bd6 6. Ne5 Nbd7 7. Bd3 Ne4 8. g4
Bxe5 9. dxe5 Bg6 10. f3 Qh4+ 0-1

[Event "C.to Cittadino La Lupa"]
[Site "Roma ITA"]
[Date "2011.05.30"]
[Round "6"]
[White "Vannelli, Vittorio"]
[Black "Ricci, Stefano"]
[Result "1-0"]
[WhiteElo "1798"]
[BlackElo "1873"]
[PlyCount "62"]
[EventDate "2011.05.05"]

1. c4 c5 2. Nc3 Nf6 3. Nf3 e6 4. g3 Nc6 5. Bg2 Be7 6. O-O a6 7. d4 cxd4 8. Nxd4
Nxd4 9. Qxd4 Qa5 10. e4 O-O 11. e5 Bc5 12. Qh4 Ne8 13. Ne4 f5 14. Ng5 h6 15.
Nh3 Rf7 16. Qh5 Bf8 17. Qe2 d6 18. f4 dxe5 19. fxe5 Bc5+ 20. Kh1 Bd4 21. Bf4 g5
22. Rad1 Bc5 23. Bxg5 hxg5 24. Nxg5 Rg7 25. Qh5 Bd7 26. Rxf5 exf5 27. Bd5+ Kf8
28. Nh7+ Rxh7 29. Qxh7 Ng7 30. Qg8+ Ke7 31. Qxg7+ Kd8 1-0

[Event "C.to Cittadino La Lupa"]
[Site "Roma ITA"]
[Date "2011.06.16"]
[Round "7"]
[White "Arceri, Paolo"]
[Black "Condemi De Felice, Alfonso"]
[Result "0-1"]
[WhiteElo "1470"]
[BlackElo "1883"]
[PlyCount "84"]
[EventDate "2011.05.05"]

1. b3 Nf6 2. Bb2 d6 3. e3 Nbd7 4. Nf3 e5 5. d4 e4 6. Nfd2 d5 7. c4 c6 8. Nc3
Bd6 9. cxd5 cxd5 10. Rc1 a6 11. Be2 O-O 12. O-O b5 13. Rc2 Qe7 14. Qc1 Nb6 15.
Rd1 Re8 16. Nf1 Bd7 17. Ng3 g6 18. Rf1 h5 19. Qd1 h4 20. Nh1 Rac8 21. Qd2 b4
22. Nd1 Rxc2 23. Qxc2 Rc8 24. Qd2 Bb5 25. Bxb5 axb5 26. Qe2 Qd7 27. f4 exf3 28.
Qxf3 Ne4 29. Qe2 Qc7 30. g3 hxg3 31. hxg3 Nc3 32. Qf3 Nxd1 33. Rxd1 Qc2 34. Rf1
f5 35. Rf2 Qe4 36. Qxe4 fxe4 37. Rf6 Rd8 38. Rxg6+ Kf7 39. Rh6 Kg7 40. Rh5 Kg6
41. g4 Ra8 42. Rh2 Bxh2+ 0-1

[Event "C.to Cittadino La Lupa"]
[Site "Roma ITA"]
[Date "2011.06.16"]
[Round "7"]
[White "Bizzarro, Sofia"]
[Black "Casella, Carlo"]
[Result "0-1"]
[WhiteElo "1384"]
[BlackElo "1704"]
[PlyCount "114"]
[EventDate "2011.05.05"]

1. e4 c5 2. Nf3 a6 3. d4 cxd4 4. Nxd4 e5 5. Nf3 Nc6 6. Bc4 f6 7. Nc3 Bb4 8. Bd2
Nge7 9. O-O b5 10. Bb3 Rb8 11. Nd5 Bxd2 12. Qxd2 a5 13. a3 Bb7 14. Rad1 Ng6 15.
Rfe1 Nce7 16. Nxe7 Nxe7 17. Qd3 Bc6 18. Nh4 g6 19. Qd6 Ng8 20. f4 Rb6 21. Qd2
a4 22. Ba2 Qe7 23. Bd5 Qc5+ 24. Kh1 Bxd5 25. Qxd5 Qxd5 26. exd5 d6 27. fxe5
fxe5 28. Rd3 Ne7 29. Nf3 h6 30. Nd2 Rf8 31. Ne4 Kd7 32. Kg1 Rbb8 33. Ree3 Rf4
34. g3 Rf5 35. Nd2 Rc8 36. c3 Rc5 37. Kg2 Rxd5 38. Rxd5 Nxd5 39. Re1 Kc6 40.
Ne4 Nf6 41. Nxf6 Rxf6 42. Rd1 d5 43. Rf1 Rxf1 44. Kxf1 Kc5 45. Ke2 Kc4 46. Kd2
Kb3 47. Kc1 e4 48. h4 e3 49. g4 e2 50. Kd2 Kxb2 51. g5 hxg5 52. hxg5 Kxa3 53.
Kxe2 Kb2 54. Kd2 a3 55. Kd3 a2 56. Kd4 a1=Q 57. Kxd5 Kxc3 0-1

[Event "C.to Cittadino La Lupa"]
[Site "Roma ITA"]
[Date "2011.06.16"]
[Round "7"]
[White "Castellano, Lorenzo"]
[Black "Quimi, Marco"]
[Result "0-1"]
[WhiteElo "1871"]
[BlackElo "2160"]
[PlyCount "130"]
[EventDate "2011.05.05"]

1. e4 e5 2. Nf3 d6 3. d4 Nf6 4. Nc3 Nbd7 5. Bc4 Be7 6. O-O O-O 7. h3 c6 8. a4
a5 9. Bb3 h6 10. Be3 Qc7 11. dxe5 dxe5 12. Qe2 Nc5 13. Ba2 b6 14. Rfe1 Re8 15.
Rad1 Bf8 16. Nd2 Ne6 17. Bxe6 Bxe6 18. Nc4 Rab8 19. Nd2 Bb4 20. f3 Nd7 21. Ndb1
Nc5 22. b3 Qe7 23. Rf1 Nd7 24. Kh1 Nf6 25. Qf2 Qc7 26. f4 Nh5 27. f5 Bc8 28.
Qh4 Nf4 29. g3 Be7 30. Qg4 Ng6 31. Qh5 Nf8 32. f6 Bxf6 33. Rxf6 gxf6 34. Bxh6
Nh7 35. Rf1 Qe7 36. Nd1 Kh8 37. Ne3 Rg8 38. Ng4 Bxg4 39. hxg4 Rg6 40. Rf2 Qe6
41. g5 fxg5 42. Rh2 Rxh6 43. Qxh6 Qxh6 44. Rxh6 Rd8 45. Na3 f6 46. Kg2 Kg7 47.
Rh1 b5 48. axb5 cxb5 49. Nxb5 Rd2+ 50. Kf3 Rxc2 51. Rd1 Rb2 52. Rd3 Nf8 53. Nc7
Kg6 54. Kg4 Rc2 55. Rd8 Kf7 56. Nd5 Re2 57. Kf3 Rb2 58. Rb8 a4 59. b4 a3 60.
Ra8 a2 61. b5 Ne6 62. b6 Nd4+ 63. Kg4 Nc2 64. Ra7+ Ke6 65. Nc7+ Kd6 0-1

[Event "C.to Cittadino La Lupa"]
[Site "Roma ITA"]
[Date "2011.06.16"]
[Round "7"]
[White "Crucioli, Marco"]
[Black "Milani, Patrizia"]
[Result "1-0"]
[WhiteElo "1616"]
[BlackElo "1452"]
[PlyCount "55"]
[EventDate "2011.05.05"]

1. e4 e5 2. d3 Nc6 3. Ne2 Bc5 4. Ng3 d6 5. c3 Qf6 6. Be3 Bxe3 7. fxe3 Nge7 8.
Na3 a6 9. Be2 g6 10. Qa4 Rb8 11. Qd1 Qg7 12. Bg4 Qh6 13. Nc2 O-O 14. Bxc8 Rbxc8
15. Qe2 Qh4 16. O-O-O Nd8 17. Kb1 Nec6 18. Ne1 Qe7 19. h4 h6 20. d4 b5 21. d5
Na5 22. Qg4 Ndb7 23. Nf5 Qf6 24. Nxh6+ Kh7 25. Qg5 Qf2 26. Ng4 f6 27. Qh6+ Kg8
28. Nxf2 1-0

[Event "C.to Cittadino La Lupa"]
[Site "Roma ITA"]
[Date "2011.06.16"]
[Round "7"]
[White "Nazzarri, Errico"]
[Black "Sacco, Davide"]
[Result "0-1"]
[WhiteElo "1329"]
[BlackElo "1624"]
[PlyCount "106"]
[EventDate "2011.05.05"]

1. e4 c5 2. Nc3 Nc6 3. g3 d6 4. Bg2 Nf6 5. d3 a6 6. Nge2 Rb8 7. O-O e6 8. f4
Qc7 9. Kh1 Be7 10. Ng1 b5 11. Nf3 O-O 12. Bd2 Bb7 13. Qe1 Nd4 14. Rc1 e5 15. f5
Rfe8 16. h3 Kh8 17. g4 Ng8 18. g5 f6 19. g6 Bf8 20. Qh4 h6 21. Rg1 b4 22. Nd5
Bxd5 23. exd5 Ne2 24. b3 Qd7 25. Rce1 Nxg1 26. Rxg1 a5 27. c4 Qxf5 28. Ne1 Qd7
29. Be4 f5 30. Bf3 e4 31. dxe4 fxe4 32. Bg4 Qe7 33. Qxe7 Rxe7 34. Bf4 Ra7 35.
Bf5 Nf6 36. Be3 a4 37. Rg3 axb3 38. axb3 Ra1 39. Bf2 Rba8 40. Kg2 R8a2 41. Re3
Rb2 42. Bxe4 Nxe4 43. Rxe4 Rxb3 44. Re8 Kg8 45. Nc2 Ra7 46. Ne3 Rxe3 47. Rxe3
Re7 48. Rb3 Re4 49. Kf3 Rxc4 50. Re3 Rd4 51. Ke2 Rxd5 52. Kf3 Rg5 53. h4 Rxg6
0-1

[Event "C.to Cittadino La Lupa"]
[Site "Roma ITA"]
[Date "2011.06.16"]
[Round "7"]
[White "Palocci, Claudio"]
[Black "Bolla, Vittorio"]
[Result "1/2-1/2"]
[WhiteElo "1637"]
[BlackElo "1771"]
[PlyCount "110"]
[EventDate "2011.05.05"]

1. e4 e6 2. d4 d5 3. Nd2 Nf6 4. Bd3 c5 5. e5 Nfd7 6. c3 Nc6 7. Ngf3 cxd4 8.
cxd4 Nb4 9. Be2 Qc7 10. O-O f6 11. exf6 Nxf6 12. a3 Nc6 13. Nb3 Bd6 14. Be3 O-O
15. h3 e5 16. dxe5 Nxe5 17. Nxe5 Bxe5 18. Rc1 Qe7 19. Bc5 Bd6 20. Bxd6 Qxd6 21.
Nd4 a6 22. Bf3 Bd7 23. Qd2 Rfe8 24. Rfe1 Rac8 25. Rxe8+ Rxe8 26. Rd1 Qe5 27.
Ne2 Bc6 28. Qd4 Re7 29. Qxe5 Rxe5 30. Nd4 Bd7 31. Kf1 Kf8 32. Re1 Rxe1+ 33.
Kxe1 Ke7 34. Kd2 Kd6 35. Kd3 Ke5 36. Nb3 b6 37. Nd4 b5 38. b4 Ne4 39. Bxe4
dxe4+ 40. Kc3 h6 41. Nc2 g6 42. Ne3 g5 43. Nc2 h5 44. Ne3 h4 45. Nf1 g4 46.
hxg4 Bxg4 47. Nh2 Be6 48. Nf1 Kf4 49. Kd4 h3 50. gxh3 Bxh3 51. Ne3 Kf3 52. Nd1
Bf5 53. Ke5 Bg6 54. Kd4 Bh7 55. Ke5 Bg6 1/2-1/2

[Event "C.to Cittadino La Lupa"]
[Site "Roma ITA"]
[Date "2011.06.16"]
[Round "7"]
[White "Ricci, Stefano"]
[Black "Capparelli, Stefano"]
[Result "0-1"]
[WhiteElo "1873"]
[BlackElo "1614"]
[PlyCount "112"]
[EventDate "2011.05.05"]

1. e4 d6 2. d4 Nf6 3. Nc3 g6 4. f4 Bg7 5. Nf3 O-O 6. Be3 c5 7. dxc5 Ng4 8. Bd4
dxc5 9. Bxg7 Qxd1+ 10. Rxd1 Kxg7 11. Nd5 Nc6 12. h3 Nf6 13. Nxf6 exf6 14. Rd5
Re8 15. e5 fxe5 16. fxe5 b6 17. Bb5 Re6 18. O-O Nb4 19. Rd2 Bb7 20. Bc4 Re7 21.
Ng5 Rf8 22. e6 f6 23. Rd7 Rfe8 24. Nf7 Bc8 25. Nd6 Bxd7 26. exd7 Rd8 27. Ne8+
Rexe8 28. dxe8=Q Rxe8 29. c3 Nc2 30. Bb3 Ne3 31. Re1 Kf8 32. Ba4 Re7 33. Kf2
Nc4 34. Rb1 f5 35. g4 f4 36. g5 Re3 37. b3 Nd6 38. Rd1 Ke7 39. c4 Rxh3 40. Re1+
Kd8 41. Re6 Rd3 42. Ke2 Rd4 43. Bc6 Kc7 44. Bd5 Kd7 45. Rf6 Ne4 46. Rf7+ Kd6
47. Bxe4 Rxe4+ 48. Kf3 Re7 49. Rxf4 Re5 50. Rf6+ Ke7 51. Rc6 Kd7 52. Rf6 Rf5+
53. Rxf5 gxf5 54. a3 a6 55. a4 a5 56. Ke3 Kd6 0-1

[Event "C.to Cittadino La Lupa"]
[Site "Roma ITA"]
[Date "2011.06.16"]
[Round "7"]
[White "Russo, Roberto"]
[Black "Prudenzano, Ruggero"]
[Result "0-1"]
[WhiteElo "1858"]
[BlackElo "1928"]
[PlyCount "98"]
[EventDate "2011.05.05"]

1. e4 c5 2. Nf3 e6 3. c3 d6 4. d4 Qc7 5. d5 Nf6 6. Bb5+ Bd7 7. Bxd7+ Qxd7 8.
Qe2 Be7 9. c4 O-O 10. O-O Na6 11. Nc3 Nc7 12. h3 exd5 13. exd5 b5 14. b3 Rfe8
15. Qd3 b4 16. Ne2 Bf8 17. Ng3 g6 18. Bb2 Bg7 19. Rfe1 a5 20. Rxe8+ Rxe8 21.
Qd2 a4 22. Re1 a3 23. Ba1 Rxe1+ 24. Nxe1 Qe7 25. Nf3 h6 26. Qe3 Qxe3 27. fxe3
Nfxd5 28. Bxg7 Kxg7 29. cxd5 Nxd5 30. Ne4 c4 31. bxc4 b3 32. Nfd2 bxa2 33. Nb3
Nxe3 34. Nxd6 Kf8 35. Kf2 Nc2 36. Nb5 Ke7 37. Ke2 a1=Q 38. Nxa1 Nxa1 39. Nd4
Kd6 40. Nb5+ Kc5 41. Nxa3 Nb3 42. Nc2 Nd4+ 43. Nxd4 Kxd4 44. Kf3 Kxc4 45. Ke4
f5+ 46. Ke5 Kd3 47. g4 fxg4 48. hxg4 Ke3 49. Kf6 g5 0-1